[Event "Budapest Spring Festival 2018"]
[Site "Budapest"]
[Date "2018.04.20"]
[Round "3"]
[White "Zentai, Peter"]
[Black "Repka, Christopher"]
[Result "0-1"]
[WhiteElo "2304"]
[BlackElo "2521"]
[Annotator "TA"]
[PlyCount "50"]
[EventDate "2018.??.??"]
[EventType "swiss"]
[EventCountry "HUN"]
[SourceTitle "playchess.com"]
[Source "ChessBase"]
[SourceQuality "1"]

{[%evp 19,50,6,6,9,8,0,0,0,35,11,17,12,26,25,33,22,18,0,0,0,0,-36,-12,-10,-15,-31,-33,-75,-19,-158,-160,-192,-200]} 1. d4 e6 2. c4 Nf6 3. Nc3 Bb4 4. Qc2 d5 5. a3 Bxc3+ 6. Qxc3 dxc4 7. Qxc4 b6 {E36: Nimzo-Indian: Classical: 4...d5 5 a3} 8. Nf3 Ba6 9. Qa4+ Qd7 10. Qxd7+ (10. Qc2 Qc6 11. Qxc6+ Nxc6 12. Bf4 O-O-O 13. Rc1 Kb7 14. g3 Rhe8 15. Bg2 {0-1 (42) Akobian,V (2647)-Anand,V (2782) Riadh 2017}) 10... Nbxd7 {LiveBook: 3 Games} 11. e3 Bxf1 12. Rxf1 c5 13. Ke2 $146 ({Predecessor:} 13. dxc5 Nxc5 14. b4 Nce4 15. Bd2 O-O-O 16. Ke2 Rd5 17. Rfc1+ Kb7 18. Bc3 Rhd8 19. Bxf6 Nxf6 {½-½ (19) Biriukov,O (2362)-Brodsky,M (2559) St Petersburg 2003}) 13... c4 14. Bd2 O-O 15. Rfc1 b5 16. a4 a6 17. axb5 axb5 18. b3 cxb3 19. Rxa8 Rxa8 20. Rb1 Ra3 21. Kd3 Nb6 22. Bb4 Ra2 23. Nd2 b2 (23... Ng4 $17 {aiming for ...Nd5.} 24. Rxb3 Nc4) 24. Bc3 {[#]} (24. e4 $11 {remains equal.}) 24... Na4 $1 $17 {White must now prevent ...Ra3.} 25. Kc2 Nd5 {Precision: White = 51%, Black = 42%.} 0-1

[Event "Budapest Spring Festival 2018"]
[Site "Budapest"]
[Date "2018.04.20"]
[Round "3"]
[White "Ilic, Zoran S"]
[Black "Kanmazalp, Ogulcan"]
[Result "0-1"]
[WhiteElo "2294"]
[BlackElo "2471"]
[Annotator "TA"]
[PlyCount "66"]
[EventDate "2018.??.??"]
[EventType "swiss"]
[EventCountry "HUN"]
[SourceTitle "playchess.com"]
[Source "ChessBase"]
[SourceQuality "1"]

{[%evp 17,66,-34,-30,-26,-28,-39,-22,-40,-51,-54,-27,-107,-94,-98,-107,-100,-86,-116,-112,-208,-191,-197,-204,-213,-208,-310,-303,-441,-318,-514,-516,-503,-335,-363,-362,-355,-325,-329,-339,-324,-329,-365,-364,-399,-395,-390,-382,-449,-450,-456,-453]} 1. Nf3 g6 2. c4 Bg7 3. g3 c5 4. d4 cxd4 5. Nxd4 Nc6 6. Nc2 d6 7. Bg2 Be6 8. Ne3 Qd7 9. Nd5 {A30: Symmetrical English: Double Fianchetto and Hedgehog} (9. Nd2 Rc8 10. O-O Nf6 11. Rb1 O-O 12. Ne4 Nxe4 13. Bxe4 b5 14. cxb5 Nd4 15. b3 d5 16. Bg2 Nxb5 {½-½ (86) Malakhov,V (2709)-Khismatullin,D (2640) Loo 2013}) 9... Rc8 {LiveBook: 4 Games} 10. Na3 Bh3 11. O-O {Black has an edge.} h5 $146 {Strongly threatening ...h4.} ({Predecessor:} 11... Bxg2 12. Kxg2 Nf6 13. Rb1 O-O 14. Bf4 Nxd5 15. Qxd5 Nd4 16. Be3 Rc5 {½-½ (38) Raupp,T-Bischoff,K (2375) Germany 1981}) 12. f3 Bxg2 13. Kxg2 e6 14. Ne3 (14. Nc3 $11) 14... Nge7 $36 {[%mdl 2048] Black is really pushing.} 15. Rb1 O-O 16. b3 d5 {[%cal Bd6d5,Bd5d4][%mdl 32]} 17. Bb2 d4 18. Qd2 (18. Nec2 $17) 18... Bh6 $19 19. f4 e5 20. Kg1 h4 {And now ...hxg3 would win.} 21. Ng2 (21. Nd5 $142 Nxd5 22. cxd5 Qxd5 23. e3) 21... hxg3 {[#] ...Qh3 is the strong threat.} 22. hxg3 (22. Qd3 $142) 22... Qg4 23. Qd3 $2 (23. Qd1 {is a better defense.}) 23... Nf5 24. Qf3 Qxg3 25. Bc1 Rfe8 26. Rf2 e4 27. Qxg3 Nxg3 28. e3 d3 29. Bd2 a6 {[%cal Ba7a6,Ba6a5][%mdl 32]} 30. c5 a5 31. Nc4 Bf8 32. Nb6 Rcd8 33. Na4 Rd5 {Precision: White = 33%, Black = 93%.} 0-1

[Event "Budapest Spring Festival 2018"]
[Site "Budapest"]
[Date "2018.04.20"]
[Round "3"]
[White "Gyurkovics, Bence"]
[Black "Astaneh Lopez, Alex"]
[Result "0-1"]
[WhiteElo "2286"]
[BlackElo "2442"]
[Annotator "TA"]
[PlyCount "102"]
[EventDate "2018.??.??"]
[EventType "swiss"]
[EventCountry "HUN"]
[SourceTitle "playchess.com"]
[Source "ChessBase"]
[SourceQuality "1"]

{[%evp 12,102,27,-4,0,-8,-14,-15,-4,-19,-7,-18,-9,-8,-4,-14,0,-13,0,-41,-45,-64,-64,-71,-65,-58,-64,-73,-58,-85,-85,-74,-25,-33,-30,-28,-5,-8,-18,-32,-31,-57,-54,-57,-58,-52,-54,-60,-33,-65,-68,-66,-75,-85,-58,-65,-75,-72,0,0,0,0,0,0,0,-157,-139,-271,-38,-296,-305,-354,-369,-612,-552,-444,-429,-2695,-2281,-29970,-29969,-29964,-29965,-6422,-6207,-3230,-2387,-29981,-29982,-29981,-29982,-29981,-29982]} 1. d4 d5 2. c4 c6 3. Nf3 Nf6 4. Nbd2 Bf5 5. Nh4 Be4 (5... Be6 6. e3 g6 7. b3 Bg7 8. Bb2 O-O 9. Be2 Ne4 10. O-O c5 11. Nxe4 dxe4 12. Qc2 f5 {0-1 (54) Svane,R (2595)-Van Foreest,J (2609) Germany 2017}) 6. f3 {D11: Slav Defence: 3 Nf3 sidelines and 3...Nf6 4 e3 Bg4} Bg6 7. e3 {LiveBook: 11 Games} Nbd7 8. Nxg6 {The position is equal.} hxg6 9. f4 e6 10. Bd3 c5 11. O-O cxd4 12. exd4 dxc4 13. Nxc4 Rc8 $146 14. Qe2 Be7 15. Bd2 Nb6 16. Nxb6 Qxb6 17. Bb5+ Kf8 18. Rac1 Rd8 19. Bc3 $1 Nd5 20. Bc4 Bf6 21. Rcd1 Rh5 22. Rf3 Ne7 {And now ...Nc6 would win.} 23. Qf2 g5 24. fxg5 Rxg5 25. Bb3 Rf5 26. Rxf5 Nxf5 27. d5 Qxf2+ 28. Kxf2 Bxc3 29. bxc3 $15 {[%mdl 4096] Endgame KRB-KRN} e5 $1 30. Re1 f6 31. g4 Nd6 32. g5 Rc8 33. gxf6 gxf6 34. Re3 {[#]} Rxc3 $1 {[%mdl 512]} 35. Rxc3 $11 Ne4+ 36. Kf3 Nxc3 {KB-KN} 37. Kg4 $1 Nb5 38. h4 $2 ({White should play} 38. Kf5 $11) 38... Nd6 $17 39. Bc2 {[#]} (39. a4 $17) 39... Kg7 $2 (39... b5 $1 $19 40. Bf5 a5) 40. Bd3 $2 {[%mdl 8192] [#]} (40. a4 $1 $15) 40... b5 $1 $19 {[%cal Bb7b5,Bb5b4][%mdl 32]} 41. Bc2 a5 {[%cal Ba7a5,Ba5a4,Ba4a3][%mdl 32]} 42. Bd3 $2 (42. a4 b4 43. Kh5) 42... Kh6 43. Bc2 a4 44. h5 (44. a3 $142 b4 45. axb4) 44... a3 45. Bf5 b4 46. Bc2 {[#]} f5+ $1 {[%cal Bf6f5,Bf5f4,Bf4f3][%mdl 544]} 47. Kh4 (47. Bxf5 Nxf5) 47... e4 48. Kg3 Kg5 49. h6 f4+ {Black mates.} 50. Kh3 Kxh6 51. Kg4 f3 {Precision: White = 33%, Black = 64%.} 0-1

[Event "Budapest Spring Festival 2018"]
[Site "Budapest"]
[Date "2018.04.20"]
[Round "3"]
[White "Vanczak, Tamas"]
[Black "Carlstedt, Jonathan"]
[Result "1/2-1/2"]
[WhiteElo "2282"]
[BlackElo "2432"]
[Annotator "TA"]
[PlyCount "85"]
[EventDate "2018.??.??"]
[EventType "swiss"]
[EventCountry "HUN"]
[SourceTitle "playchess.com"]
[Source "ChessBase"]
[SourceQuality "1"]

{[%evp 15,85,6,28,16,15,11,26,0,17,9,35,33,72,38,38,40,33,28,34,25,32,33,35,26,39,41,32,10,19,0,0,0,0,-4,4,-18,-13,-9,0,-9,0,-47,0,0,0,-88,-75,-79,0,-30,0,0,0,0,0,0,0,0,0,0,0,0,0,0,0,0,0,0,0,0,0,0]} 1. e4 e5 2. Nf3 Nc6 3. Bc4 Bc5 4. c3 Nf6 5. d3 a6 6. Nbd2 d6 7. Bb3 Ba7 8. Nf1 Ng4 {LiveBook: 6 Games. C54: Giuoco Piano: 4 c3 Nf6, main lines with 5 d4 and 5 d3} (8... Be6 9. Ng3 O-O 10. O-O h6 11. h3 Bxb3 12. axb3 Re8 13. Nf5 d5 14. Qe2 Qd7 15. N3h4 Rad8 16. Qf3 dxe4 17. dxe4 {0-1 (48) Miton,K (2584)-Van Foreest,J (2629) Riadh 2017}) 9. Ne3 Nxe3 10. Bxe3 Qf6 $146 ({Predecessor:} 10... O-O 11. h3 Kh8 12. Bxa7 Rxa7 13. d4 f5 14. exf5 e4 15. Nd2 Bxf5 16. Nf1 {1-0 (34) Santos Flores,A (2338)-Gonzalez Garcia,J (2521) Mexico City 2010}) 11. h3 h6 12. Qe2 g5 13. Bxa7 Rxa7 14. Qe3 Qf4 15. Qxf4 gxf4 16. g3 fxg3 17. fxg3 Na5 18. Bc2 c5 19. Ke2 b5 20. Raf1 Be6 21. a3 Nc6 22. Nh4 Ne7 23. g4 Kd7 24. Ke3 d5 {[%cal Bd6d5,Bd5d4][%mdl 32]} 25. Nf5 d4+ 26. Kd2 Ng6 27. h4 Rc7 28. Rhg1 f6 29. Ng7 Ke7 30. g5 (30. Nf5+ $11 Bxf5 31. gxf5) 30... hxg5 $17 31. hxg5 Rh2+ (31... Nf4 $17 32. Rh1 Rxh1 33. Rxh1 fxg5) 32. Kd1 Nf4 33. gxf6+ {The position is equal.} Kf7 34. Nxe6 Kxe6 35. Rg7 Rxg7 36. fxg7 $11 {[%mdl 4096] Endgame KRB-KRN} Kf7 37. cxd4 cxd4 38. Rg1 Ng2 {[#] ...Ne3+ is the strong threat.} 39. Ke2 $1 Ne3+ 40. Kf3 Rh3+ 41. Kf2 Rh2+ 42. Kf3 Rh3+ 43. Kf2 {Precision: White = 46%, Black = 52%.} 1/2-1/2

[Event "Budapest Spring Festival 2018"]
[Site "Budapest"]
[Date "2018.04.20"]
[Round "3"]
[White "Praveen Kumar C"]
[Black "Tomazini, Zan"]
[Result "1/2-1/2"]
[WhiteElo "2241"]
[BlackElo "2424"]
[Annotator "TA RC"]
[PlyCount "108"]
[EventDate "2018.??.??"]
[EventType "swiss"]
[EventCountry "HUN"]
[SourceTitle "playchess.com"]
[Source "ChessBase"]
[SourceQuality "1"]

{[%evp 22,108,28,27,31,19,22,21,29,25,22,4,4,0,0,-13,-11,-18,-19,-13,-12,-31,-41,-42,-23,-32,-27,-30,-10,-86,-86,-78,-75,-83,-82,-87,-85,-74,-86,-87,-75,-120,-89,-118,0,0,0,0,0,0,0,0,0,0,0,0,0,0,0,0,0,0,0,0,0,0,0,0,0,0,0,0,0,0,0,0,0,0,0,0,0,0,0,0,0,0,0,0,0]} 1. d4 Nf6 2. c4 Nc6 3. Nf3 e6 4. g3 Bb4+ 5. Bd2 Qe7 6. Bg2 O-O 7. O-O Bxd2 8. Qxd2 d6 9. Nc3 e5 10. d5 Nb8 11. e4 a5 {E11: Bogo-Indian} 12. b3 {LiveBook: 3 Games} Na6 13. Qc2 Ne8 $146 ({Predecessor:} 13... Nc5 14. Nd2 c6 15. a3 cxd5 16. cxd5 Bd7 17. b4 axb4 18. axb4 Na6 19. Qb3 {½-½ (41) Erdogdu,M (2458)-Secer,A (2325) Konya 2010}) 14. Nd2 f5 15. exf5 Bxf5 16. Nde4 Nf6 17. Qe2 Qd7 18. a3 Nxe4 19. Nxe4 b6 20. Qe3 Nc5 21. b4 Nxe4 22. Bxe4 Qa4 23. Bxf5 Rxf5 24. Qc3 Raf8 25. Rae1 (25. f3 $11 {remains equal.}) 25... Rf3 $17 26. Re3 Rxe3 27. fxe3 Rxf1+ 28. Kxf1 {[%mdl 4096] Endgame KQ-KQ} Qd1+ 29. Qe1 Qd3+ 30. Qe2 Qxa3 31. Qg4 Qd3+ ({Much worse is} 31... Qxb4 $6 32. Qe6+ Kf8 33. Qf5+ Kg8 34. Qe6+ Kf8 35. Qf5+ Ke8 36. Qc8+ Kf7 37. Qf5+ Kg8 38. Qe6+ $11) 32. Kf2 {[#] Threatens to win with Qc8+.} h6 ({Black should play} 32... Qc2+ $17 33. Kg1 h5 34. Qxh5 Qc1+ 35. Kg2 Qd2+ 36. Kf1 Qxe3 37. bxa5 bxa5 38. Qe8+ Kh7 39. Qh5+ Qh6 40. Qf5+ g6 41. Qf7+ Qg7) 33. e4 $1 $11 {The position is equal.} Qd2+ 34. Kf1 Qc1+ 35. Kf2 Qd2+ 36. Kf1 h5 37. Qxh5 Qd3+ (37... axb4 $5 38. Qe8+ $8 Kh7 39. Qh5+ Qh6 40. Qf5+ g6 41. Qd7+ Qg7 42. Qxg7+ Kxg7 $16) 38. Qe2 Qb1+ 39. Qe1 Qd3+ 40. Qe2 $1 {[%cal Re2d3]} Qb1+ 41. Qe1 Qc2 {[#] And now ...a4 would win.} 42. bxa5 bxa5 {aiming for ...a4.} 43. Qe2 Qc1+ 44. Kg2 a4 45. Qg4 Qd2+ 46. Kg1 Qh6 47. Qc8+ Kh7 {Hoping for ...Qe3+.} 48. Qf5+ Qg6 49. Qh3+ Qh6 50. Qf5+ g6 51. Qd7+ Kg8 {Black wants to play ...Qe3+.} 52. Qe6+ Kg7 {Strongly threatening ...Qe3+.} 53. Qe7+ Kg8 54. Qe6+ Kg7 {Precision: White = 65%, Black = 74%.} 1/2-1/2

[Event "Budapest Spring Festival 2018"]
[Site "Budapest"]
[Date "2018.04.20"]
[Round "3"]
[White "Szalanczy, Emil"]
[Black "Reshef, Omer"]
[Result "0-1"]
[WhiteElo "2217"]
[BlackElo "2482"]
[Annotator "TA"]
[PlyCount "80"]
[EventDate "2018.??.??"]
[EventType "swiss"]
[EventCountry "HUN"]
[SourceTitle "playchess.com"]
[Source "ChessBase"]
[SourceQuality "1"]

{[%evp 15,80,17,24,11,19,14,28,31,29,28,26,28,33,25,27,25,60,7,27,28,58,58,57,47,55,53,42,18,120,122,162,188,197,168,235,200,223,144,356,135,138,133,146,0,0,8,77,-9,-18,-9,10,0,0,0,0,-3,0,-3,-4,-396,-390,-473,-462,-457,-408,-29998,-29999]} 1. e4 e5 2. Nf3 Nc6 3. Bb5 a6 4. Ba4 Nf6 5. O-O b5 6. Bb3 Bb7 7. d3 Be7 8. Nc3 O-O 9. a3 {C84: Closed Ruy Lopez: Unusual White 6th moves} Nd4 (9... d6 10. Nd5 Nxd5 11. Bxd5 Qd7 12. d4 exd4 13. Nxd4 Bf6 14. Nf5 Nd8 15. Re1 Re8 16. c3 Bxd5 17. Qxd5 {0-1 (43) Vachier Lagrave,M (2804)-Carlsen,M (2840) Doha 2016}) 10. Ba2 d6 11. Nxd4 {White has an edge.} exd4 12. Ne2 c5 13. Ng3 Bc8 14. Bd2 $146 ({Predecessor:} 14. h3 Be6 15. Bf4 Bxa2 16. Rxa2 Re8 {½-½ (62) Kilichenko,A (2300)-Dunlop,G (2349) ICCF email 2012}) 14... Be6 15. f4 Rc8 16. Bb1 (16. e5 $14 dxe5 17. Bxe6 fxe6 18. fxe5) 16... Bg4 17. Qe1 Nh5 18. Nxh5 Bxh5 19. Ba2 {Black must now prevent h3.} c4 20. Ba5 Qd7 21. f5 cxd3 (21... f6 $11) 22. cxd3 $16 Rc2 23. Rf2 $36 {[%mdl 2048] White is really pushing.} Rfc8 24. Bb3 R2c6 (24... R2c5 {was called for.} 25. Bd2 d5) 25. g3 $18 g6 26. Qd2 {Hoping for Raf1.} gxf5 $2 (26... d5 $16) 27. Rxf5 $2 (27. Qh6 $18 {is the precise move to win.} Bg4 {[#]} 28. Bxf7+ $1 {[%mdl 512]} Kxf7 29. Qxh7+ Kf8 30. h3) 27... Bg6 $16 28. Rf2 Qg4 {White should prevent ...Bg5.} 29. Qf4 (29. Qe1 $16) 29... Qxf4 $11 30. gxf4 Bh4 (30... Bh5 $11 {remains equal.}) 31. Rff1 (31. Rf3 $16) 31... Bh5 32. Be1 Be7 (32... Bf6 {feels hotter.} 33. Bd1 Bxd1 34. Rxd1 Rc2 35. Rd2 Kf8) 33. Bd1 Bxd1 34. Rxd1 Rc2 35. Rf2 {[#]} f5 $1 {[%mdl 512]} 36. Bb4 (36. exf5 Rc1) 36... Kf7 37. Rdd2 $2 {[%mdl 8192]} (37. Rxc2 $11 {and White has nothing to worry.} Rxc2 38. Rd2 Rc1+ 39. Kg2) 37... Rg8+ $19 38. Kf1 Rc1+ 39. Ke2 Rgg1 {( -> ...Rce1+)} 40. exf5 (40. Kf3 $19 Bh4 41. Rde2) 40... Rce1+ {Precision: White = 45%, Black = 44%.} 0-1

[Event "Budapest Spring Festival 2018"]
[Site "Budapest"]
[Date "2018.04.21"]
[Round "4"]
[White "Banusz, Tamas"]
[Black "Grinberg, Eyal"]
[Result "1/2-1/2"]
[WhiteElo "2617"]
[BlackElo "2452"]
[Annotator "TA"]
[PlyCount "56"]
[EventDate "2018.??.??"]
[EventType "swiss"]
[EventCountry "HUN"]
[SourceTitle "playchess.com"]
[Source "ChessBase"]
[SourceQuality "1"]

{[%evp 19,56,21,25,0,0,-10,0,-7,12,-16,3,-34,-24,-29,-28,-16,-29,-28,-3,-32,-18,-17,-24,-21,-11,-20,-27,-24,-34,-53,-3,-51,-8,-12,-14,-17,0,-6,0]} 1. d4 d5 2. Nf3 c6 3. c4 Nf6 4. g3 g6 5. Bg2 Bg7 6. Qb3 O-O 7. O-O a5 {[%cal Ba7a5,Ba5a4,Ba4a3][%mdl 32]} 8. cxd5 {D78: Fianchetto Grünfeld: 6 0-0 c6} (8. Rd1 a4 9. Qb4 Re8 10. Na3 e6 11. Bf4 Nbd7 12. Rac1 Ne4 13. Ne5 Bf8 14. Qe1 Nxe5 15. Bxe5 f6 16. Bf4 Nd6 17. h4 Bd7 18. Qc3 f5 19. Bg5 Qa5 20. Qxa5 Rxa5 21. Bd2 Raa8 {½-½ (21) Cheparinov,I (2710)-Ding,L (2777) Riadh 2017}) 8... a4 9. Qd1 cxd5 10. Nc3 Qa5 {LiveBook: 14 Games} 11. Ne5 a3 $146 ({Predecessor:} 11... Nc6 12. e3 Rd8 13. Bd2 Qa6 14. f4 e6 15. Rf2 Bd7 {0-1 (52) Turov,M (2614)-Stupak,K (2565) Tallinn 2018}) 12. Qb3 {[%cal Rc3d5]} Nc6 13. e3 {[%cal Rb3a3]} Be6 14. Nd3 {[#]} Ne4 $1 {[%mdl 512]} 15. Nb5 (15. Nxe4 dxe4) 15... axb2 16. Qxb2 Bf5 {[#] Strongly threatening ...Nxg3!} 17. g4 $1 {[%mdl 512]} Bd7 (17... Bxg4 18. f3) 18. f3 Nd8 19. fxe4 {And now Nc3 would win.} (19. Rb1 {is interesting.} Bxb5 20. Qxb5 Nd6 21. Qxa5 Rxa5 22. f4) 19... Qxb5 20. Qxb5 Bxb5 21. Rd1 dxe4 22. Bxe4 Bc6 23. Bxc6 Nxc6 24. Bb2 Rfd8 25. Kf2 Ra5 26. Bc3 {The position is equal.} Ra3 27. Bb2 Ra5 28. Bc3 Ra3 {Precision: White = 39%, Black = 37%.} 1/2-1/2

[Event "Budapest Spring Festival 2018"]
[Site "Budapest"]
[Date "2018.04.21"]
[Round "4"]
[White "Gupta, Abhijeet"]
[Black "Nitin, S."]
[Result "1-0"]
[WhiteElo "2617"]
[BlackElo "2408"]
[Annotator "TA"]
[PlyCount "59"]
[EventDate "2018.??.??"]
[EventType "swiss"]
[EventCountry "HUN"]
[SourceTitle "playchess.com"]
[Source "ChessBase"]
[SourceQuality "1"]

{[%evp 21,59,9,8,18,75,22,42,24,27,25,29,33,86,101,101,90,102,42,49,56,43,43,60,53,78,58,72,59,77,72,147,141,142,134,266,250,461,458,439,453]} 1. d4 Nf6 2. c4 e6 3. Nc3 Bb4 4. e3 c5 5. Nge2 b6 6. a3 Ba5 7. Rb1 Na6 8. Bd2 O-O 9. d5 d6 10. Ng3 {E42: Nimzo-Indian: Rubinstein: 4...c5 5 Ne2} Bxc3 11. Bxc3 exd5 $1 {LiveBook: 3 Games} 12. Qf3 $146 {The position is equal.} ({Predecessor:} 12. cxd5 Nc7 13. Bc4 b5 14. Ba2 a5 15. O-O b4 16. Bxf6 Qxf6 17. Bc4 Ba6 18. Bxa6 Rxa6 19. a4 Na8 20. Qd3 Ra7 21. Ne4 Qg6 22. f4 f5 23. Ng5 {½-½ (23) Cebalo,M (2510)-Gyimesi,Z (2553) Rabac 2003}) 12... Ng4 (12... Nc7 $11 {keeps the balance.}) 13. cxd5 ({Better is} 13. h3 $16 Ne5 14. Bxe5 dxe5 15. cxd5 (15. Qxd5 Qxd5 16. cxd5 Nc7 $14)) 13... Nc7 $11 14. h3 Ne5 15. Bxe5 dxe5 16. Rd1 {[#] aiming for d6.} Ne8 (16... Bb7 $14) 17. d6 $1 $36 {[%mdl 2048] Black is under strong pressure.} Be6 18. Qe4 b5 19. Bd3 ({Inferior is} 19. Bxb5 Nxd6 20. Qxe5 Qa5+ 21. b4 cxb4 $17) (19. Rd2 $16) 19... f5 $14 20. Qxe5 Qxd6 21. Qc3 $1 {Threatens to win with Be4.} b4 22. Qc1 {Hoping for Bxf5.} Qc6 23. Bc4 bxa3 24. bxa3 Nc7 25. O-O Qa4 {[#]} (25... g6 $142) 26. Be2 $1 $16 c4 27. Rd4 Nb5 (27... Rad8 $16 {is a better defense.}) 28. Rxc4 $18 Qxa3 $2 (28... Bxc4 29. Qxc4+ Qxc4 30. Bxc4+ Kh8) 29. Qxa3 Nxa3 30. Rc3 {Precision: White = 68%, Black = 27%.} 1-0

[Event "Budapest Spring Festival 2018"]
[Site "Budapest"]
[Date "2018.04.21"]
[Round "4"]
[White "Papp, Gabor"]
[Black "Langrock, Hannes"]
[Result "1-0"]
[WhiteElo "2614"]
[BlackElo "2391"]
[Annotator "TA RC"]
[PlyCount "69"]
[EventDate "2018.??.??"]
[EventType "swiss"]
[EventCountry "HUN"]
[SourceTitle "playchess.com"]
[Source "ChessBase"]
[SourceQuality "1"]

{[%evp 11,69,0,21,-46,40,52,52,38,41,40,88,92,92,100,154,112,138,129,131,138,133,131,125,128,127,125,197,126,125,116,144,144,149,134,176,170,160,166,256,170,220,216,219,220,220,215,214,219,219,218,220,219,219,217,220,219,224,224,224,224]} 1. c4 e5 2. g3 Nf6 3. Bg2 c6 4. d4 e4 5. Nc3 d5 6. Nh3 {A20: English Opening: 1...e5} (6. Bg5 Bb4 7. Qb3 Bxc3+ 8. Qxc3 O-O 9. f3 dxc4 10. Bxf6 Qxf6 11. fxe4 c5 12. e5 cxd4 13. exf6 dxc3 14. fxg7 {½-½ (40) McShane,L (2647)-Anand,V (2783) Germany 2018}) 6... h6 {LiveBook: 5 Games} 7. O-O (7. cxd5 $11 cxd5 8. O-O) 7... Be7 $146 ({Black should play} 7... dxc4 $15 8. e3 Bg4) ({Predecessor:} 7... Bb4 8. Qb3 Na6 9. cxd5 cxd5 10. Bd2 Bxc3 11. bxc3 {1-0 (30) Hundack,R (2127)-Hummel,D (2276) Germany 2016}) 8. cxd5 $14 {White is slightly better.} cxd5 9. Bf4 O-O 10. Be5 Nbd7 11. Nf4 Nb6 12. Qb3 Bg4 ({Black should try} 12... Bd7) 13. e3 Be6 14. Nxe6 fxe6 15. Bh3 Qd7 16. Qb5 Kf7 17. f3 exf3 18. Rxf3 Rac8 {[#]} (18... Qc6 $16 {might work better.} 19. Qxc6 bxc6) 19. Qxd7 ({Better is} 19. Qd3 $1 $18) 19... Nbxd7 $16 20. Nxd5 $1 exd5 21. Bxd7 $1 Rc2 22. Rb1 Rd8 23. Bf5 Rc6 24. Rbf1 Bd6 (24... a5 $142 25. e4 Kg8 26. Bxf6 Rxf6) 25. Bd3 {[%cal Re5f6]} Bb8 {White is clearly better.} 26. Rf5 Ke7 27. Bxf6+ Rxf6 28. Rxf6 gxf6 $18 {[%mdl 4096] Endgame [#] KRB-KRB} 29. Rf5 $1 Kf7 30. Kf2 Bc7 31. Rh5 Kg7 32. Bc2 Ba5 33. Ke2 Bb4 34. Bb3 Kg6 35. g4 {Precision: White = 86%, Black = 44%.} 1-0

[Event "Budapest Spring Festival 2018"]
[Site "Budapest"]
[Date "2018.04.21"]
[Round "4"]
[White "Zhigalko, Sergei"]
[Black "Kobo, Ori"]
[Result "1/2-1/2"]
[WhiteElo "2608"]
[BlackElo "2484"]
[Annotator "TA"]
[PlyCount "35"]
[EventDate "2018.??.??"]
[EventType "swiss"]
[EventCountry "HUN"]
[SourceTitle "playchess.com"]
[Source "ChessBase"]
[SourceQuality "1"]

{[%evp 15,35,38,33,36,46,38,30,34,30,31,27,13,23,0,0,0,0,0,0,0,20,0]} 1. e4 g6 2. d4 Bg7 3. Nc3 d6 4. Nf3 Nf6 5. Be2 O-O 6. O-O c6 7. a4 {[%cal Ba2a4,Ba4a5][%mdl 32]} Nbd7 8. a5 e5 9. dxe5 {B08: Pirc Defence: Classical System} (9. Re1 Rb8 10. Bf1 Qc7 11. h3 Re8 12. Be3 exd4 13. Bxd4 b5 14. axb6 axb6 15. Qd2 b5 16. b4 Ne5 17. Nxe5 dxe5 {1-0 (55) Firouzja,A (2456)-Bologan,V (2640) Doha 2016}) 9... Nxe5 10. Nxe5 (10. Bg5 {feels hotter.} h6 11. Bh4 Nxf3+ 12. Bxf3 Be6 13. Re1) 10... dxe5 11. Qxd8 $146 {White has an edge.} ({Predecessor:} 11. Be3) 11... Rxd8 12. Be3 Be6 13. f3 Nd7 14. Na4 Bf8 {The position is equal.} 15. Rfd1 Bb4 16. Bg5 Rdb8 17. Kf1 Kf8 18. Nc3 1/2-1/2

[Event "Budapest Spring Festival 2018"]
[Site "Budapest"]
[Date "2018.04.21"]
[Round "4"]
[White "Bernadskiy, Vitaliy"]
[Black "Nestorovic, Lazar"]
[Result "1-0"]
[WhiteElo "2584"]
[BlackElo "2382"]
[Annotator "TA"]
[PlyCount "69"]
[EventDate "2018.??.??"]
[EventType "swiss"]
[EventCountry "HUN"]
[SourceTitle "playchess.com"]
[Source "ChessBase"]
[SourceQuality "1"]

{[%evp 11,69,29,49,10,48,41,55,34,52,52,95,95,96,95,103,102,110,92,87,101,98,85,84,66,75,51,58,49,80,79,125,25,11,25,192,189,194,194,183,196,195,39,54,24,32,0,236,229,229,140,114,125,382,379,858,859,885,792,1019,988]} 1. d4 Nf6 2. c4 g6 3. Nc3 Bg7 4. e4 d6 5. h3 O-O 6. Be3 b6 {LiveBook: 8 Games. E71: King's Indian: 4 e4 d6 5 h3} (6... e5 7. d5 Na6 8. g4 Nc5 9. f3 h5 10. Qd2 Nh7 11. O-O-O h4 12. Bd3 Nxd3+ 13. Qxd3 f5 14. Rh2 Kh8 15. Rg2 Bd7 16. exf5 gxf5 {½-½ (69) Caruana,F (2811)-Jones,G (2640) Wijk aan Zee 2018}) 7. g3 Bb7 8. Bg2 c5 $146 {White is slightly better.} ({Predecessor:} 8... Qc8 9. Nge2 Nbd7 10. O-O a6 11. a4 e5 12. d5 a5 13. f4 exf4 14. gxf4 {1-0 (42) Radovanovic,N (2412)-Sirotanovic,O (2178) Palic 2017}) 9. Nge2 Nc6 10. d5 Ne5 11. b3 a6 12. a4 Qc7 13. O-O e6 14. f4 Ned7 15. dxe6 fxe6 16. Qd2 Rad8 17. Rad1 Nb8 $1 18. f5 gxf5 {[%cal Rf6e4]} 19. Nf4 {[%cal Be2f4,Bf4e6,Be6f8,Bf8d7][%mdl 32]} Qc8 {[%cal Rb7e4]} 20. exf5 Bxg2 21. Qxg2 (21. Kxg2 $6 exf5 22. Nfd5 Nxd5 $11) ({White should try} 21. Nxg2 $16 {And now Nh4 would win.} Nc6 22. Bh6) 21... exf5 $11 22. Ncd5 Nxd5 $2 {[#]} (22... Nc6 $11) 23. Qxd5+ $18 (23. Rxd5 Nc6 $11) 23... Kh8 24. Ne6 Rde8 25. Nxf8 Rxe3 26. Qxd6 $2 $40 {[%mdl 128] Black needs to defend precisely.} (26. Qxf5 $18 Qxf5 27. Rxf5) 26... Nc6 $1 $14 (26... Qxf8 $2 27. Qxf8+ Bxf8 28. Rd8 $18) 27. Nd7 (27. Qd7 $5 {[%cal Rd7c8]} Qxf8 28. Qxc6 Rxg3+ 29. Kf2 $14) 27... Nd4 $1 28. Rf2 {Hoping for a5.} Ne2+ $2 (28... Qd8 $11) 29. Kh2 $18 {Strongly threatening Re1.} Nc3 30. Rdf1 ({Worse is} 30. Nxb6 Qg8 $11) ({Weaker is} 30. Rxf5 Re2+ 31. Kh1 Nxd1 $11) 30... Ne4 {[#]} 31. Qf4 $1 {[%cal Rf4e3]} (31. Nxb6 Qe8 $11) 31... Rxb3 $2 {[%mdl 8192]} (31... Rd3 $16 {was necessary.}) 32. Rg2 Bd4 $2 (32... Qe8 33. Qxf5 Nd6) 33. Qxf5 {White is clearly winning.} Qe8 34. Qd5 Kg7 35. Rf8 {Precision: White = 54%, Black = 30%.} 1-0